Moctezuma II (notice nᵒ 6833)
[ vue normale ]
| 000 -Sello discográfico | |
|---|---|
| campo de control de longitud fija | 00793nam a2200277 4500 |
| 005 - Identificación de versión | |
| campo de control | 20251016084729.0 |
| 010 ## - Número Estándar Internacional de Libros (ISBN) | |
| Número (ISBN) | 968-38-0151-X |
| 099 ## - fechas locales | |
| Tipo de ítem Koha | LIBRO |
| 100 ## - Datos de procesamiento general | |
| Datos de procesamiento general | 20230915d1986 m y1spay5003 ba |
| 105 ## - Campo de datos codificados: Material textual, monográfico | |
| Datos codificados de monografía | a 001zb |
| 200 1# - Título y mención de responsabilidad | |
| Título propio | Moctezuma II |
| Designación general del material | texto impreso |
| Otra información del título | el misterio de su muerte |
| Primer mención de responsabilidad | Carlos Romero Giordano |
| 205 ## - Declaración de edición | |
| Declaración de edición | 2a ed |
| 210 ## - Publicación, distribución, etc. | |
| Lugar de publicación, distribución, etc. | México |
| Nombre del editor, distribuidor, etc. | Panorama Editorial |
| Fecha de publicación, distribución, etc. | 1986 |
| 215 ## - Descripción física | |
| Designación de material específico y extensión del ítem | 164 p |
| Otras características físicas | il. |
| Dimensiones | 22 cm |
| 345 ## - Nota de información de adquisición | |
| Fuente de adquisición/dirección de la suscripción [OBSOLETO] | Donación |
| 600 ## - Nombre personal usado como materia | |
| Elemento de entrada | Moctezuma |
| Números romanos | II |
| Fechas | 1480-1520 |
| Adiciones al nombre que no sean fechas | emperador de México |
| Número Koha | 971 |
| 660 ## - Código de área geográfica | |
| Código | MX |
| 700 ## - Nombre personal - Responsabilidad primaria | |
| Elemento de entrada | Romero Giordano |
| Parte del nombre distinta del elemento de entrada | Carlos |
| Número Koha | 12853 |
| 801 #0 - Fuente de origen | |
| País | FR |
| Agencia | cm |
| Reglas de catalogación (convenciones descriptivas) | AFNOR |
| 900 ## - | |
| -- | 1/22393 |
| 900 ## - | |
| -- | 7100417642\080104 |
| 942 ## - ELEMENTOS DE ENTRADA SECUNDARIOS (KOHA) | |
| Tipo de ítem Koha | Livre |
| 996 ## - | |
| -- | MEX |
| -- | 751145101 |
| -- | MMAG |
| -- | 008543 |
| -- | 920 M688RO |
| -- | 20230915LIV |
| Estatus retirado | Estado de daño | Estado de pérdida | Fecha de adquisición | Biblioteca de origen | Biblioteca actual | Ubicación en estantería | Código de barras | Precio de reemplazo | Signatura topográfica completa | No para préstamo | Tipo de ítem Koha | Nota pública | Nota no pública |
|---|---|---|---|---|---|---|---|---|---|---|---|---|---|
| 05/08/2025 | Casa México Paris | Casa México Paris | 008543 | 05/08/2025 | 920 M688RO | Livre | 20230915LIV | 751145101 |